01301nam a2200349Ia 4500001001200000003000800012006001900020007001500039008004100054010001700095020003100112040002100143035002100164050002300185100002700208245011300235260003900348300001700387490002600404504005100430533015200481650002100633650002200654650001400676655002900690700001900719700002600738710001700764830002700781856012600808999001700934ebr10281378CaPaEBRm u cr cn|||||||||081103s2009 vtu sb 001 0 eng d z 2008045423 z9780754674955 (alk. paper) aCaPaEBRcCaPaEBR a(OCoLC)64680273114aHT612b.O46 2009eb1 aOhnmacht, Timo,d1979-10aMobilities and inequalityh[electronic resource] /cby Timo Ohnmacht, Hanja Maksim, and Manfred Max Bergman. aBurlington, VT :bAshgate,cc2009. axiii, 223 p.1 aTransport and society aIncludes bibliographical references and index. aElectronic reproduction.bPalo Alto, Calif. :cebrary,d2011.nAvailable via World Wide Web.nAccess may be limited to ebrary affiliated libraries. 0aSocial mobility. 0aSocial structure. 0aEquality. 7aElectronic books.2local1 aMaksim, Hanja.1 aBergman, Manfred Max.2 aebrary, Inc. 0aTransport and society.40uhttp://site.ebrary.com/lib/rucke/Doc?id=10281378zAn electronic book accessible through the World Wide Web; click to view c18960d18960